000 00571nam a2200157 i 4500
001 90309
003 ES-MaACL
005 20230906180416.0
007 t|
008 050119s1957 sp ||||1| spa d
245 0 0 _aLegislación contencioso-administrativa
_b: Ley de 27 de diciembre de 1956 : comentarios sobre la misma, y texto de todas las demás disposiciones vigentes /
_cJuan Ríos Sarmiento.
260 _aBarcelona :
_bAcervo,
_c[1957] (
_fDuplex)
300 _a374 p. ;
_c22 cm.
700 1 _aRíos Sarmiento, Juan.
_997396
852 _aES-MaACL
_jC-15427
_bR.43091
999 _c90309
_d90309